000 00938nam a22002777a 4500
003 CHAP
005 20220329140453.0
008 971013s1984 r 00010 d
010 _a52450
011 _a53422
035 _a57572
040 _cCHAP
090 _aFolleto 11196
100 0 0 _aRosa G., Lucia de la.
_999835
245 _aCatálogo colectivo de publicaciones periódicas existentes en bibliotecas de la República Mexicana
_b: estado de avance del proyecto
260 _aMéxico, D. F. :
_bCONACYT,
_c(1984)
300 _a12 h
590 _aBATCH-UPD
_b10
_c20130110
_lUCH01
_h0725
590 _aBATCH-UPD
_b10
_c20130410
_lUCH01
_h0409
590 _aBATCH-UPD
_b10
_c20130914
_lUCH01
_h1945
590 _aCONVERSION
_b10
_c20130109
_lUCH01
_h1328
650 1 4 _aPublicaciones periódicas
_xBibliografía
_xCatálogos colectivos.
_992717
901 _aBK
942 _cFOLL
949 _aFolleto 11196
_bBC
_cB
_d-125172
_eB
_i57572
_si
999 _c52450
_d52450